Destinations from EuroAirport Basel/Mulhouse (EAP) - Statistics

General Stats
  • This quiz has been taken 36 times
  • The average score is 61 of 106
Answer Stats
Country Airlines Destination % Correct
France Air France Paris / CDG
96%
Austria Austria Airlines Vienna / VIE
91%
Algeria Air Algérie,ASL Airlines Algiers / ALG
87%
Greece Aegean Airlines,EasyJet Athens / ATH
87%
Germany EasyJet Berlin / BER
87%
Ireland Ryanair Dublin / DUB
87%
Germany Lufthansa Frankfurt / FRA
87%
Germany EasyJet Hamburg / HAM
87%
Portugal EasyJet Lisbon / LIS
87%
Germany Lufthansa Munich / MUC
87%
France EasyJet Bordeaux / BOD
83%
Denmark EasyJet,Norwegian Copenhagen / CPH
83%
France EasyJet Nice / NCE
83%
Portugal EasyJet Porto / OPO
83%
Italy EasyJet,Wizz Air Rome / FCO
83%
Netherlands EasyJet,KLM Amsterdam / AMS
78%
United Kingdom EasyJet London / LGW
78%
France EasyJet Marseille / MRS
78%
Norway N Norwegian Oslo / OSL
78%
Czech Republic EasyJet Prague / PRG
78%
Bulgaria Wizz Air Sofia / SOF
78%
Israel EasyJet Tel Aviv / TLV
78%
Albania Wizz Air Tirana / TIA
78%
Poland Wizz Air Warsaw / WAW
78%
Croatia Ryanair Zagreb / ZAG
78%
Spain EasyJet,Vueling Barcelona / BCN
74%
Hungary EasyJet,Wizz Air Budapest / BUD
74%
United Kingdom British Airways London / LHR
74%
United Kingdom N Ryanair London / STN
74%
Spain EasyJet Madrid / MAD
74%
United Kingdom EasyJet Manchester / MAN
74%
Canada S Air Transat Montreal / YUL
74%
Italy EasyJet Naples / NAP
74%
Romania Wizz Air Bucharest / OTP
70%
United Arab Emirates N Flydubai Dubai / DXB
70%
Croatia S EasyJet Dubrovnik / DBV
70%
Greece S EasyJet,Enter Air Heraklion / HER
70%
Poland EasyJet Krakow / KRK
70%
France EasyJet Nantes / NTE
70%
Kosovo Chair Airlines,EasyJet, Enter Air, GP Aviation, Wizz Air Pristina / PRN
70%
Croatia S EasyJet Split / SPU
70%
Greece Aegean Airlines Thessaloniki / SKG
70%
France EasyJet Toulouse / TLS
70%
Spain S EasyJet Valencia / VLC
70%
Morocco Air Arabia Casablanca / CMN
65%
Turkey Turkish Airlines Istanbul / IST
65%
Spain EasyJet Malaga / AGP
65%
North Macedonia Wizz Air Skopje / SKP
65%
Spain EasyJet Tenerife / TFS
65%
Spain EasyJet Alicante / ALC
61%
Italy EasyJet Bari / BRI
61%
Serbia Wizz Air Belgrade / BEG
61%
Portugal EasyJet Faro / FAO
61%
Cyprus Cyprus Airways,EasyJet Larnaca / LCA
61%
Malta N EasyJet Malta / MLA
61%
Italy EasyJet Palermo / PMO
61%
Tunesia Nouvelair Tunis / TUN
61%
Italy EasyJet Venice / VCE
61%
Turkey S Turkish Airlines Ankara / ESB
57%
Italy S EasyJet Cagliari / CAG
57%
Greece S EasyJet Corfu / CFU
57%
United Kingdom EasyJet Edinburgh / EDI
57%
Portugal N EasyJet Funchal / FNC
57%
Spain S EasyJet Ibiza / IBZ
57%
Morocco EasyJet Marrakech / RAK
57%
Spain EasyJet,Eurowings Palma de Mallorca / PMI
57%
Greece S EasyJet,Enter Air Rhodes / RHO
57%
Turkey Corendon Airlines,Norwegian, Pegasus Airlines, Southwind Airlines, SunExpress Antalya / AYT
52%
Romania Wizz Air Cluj Napoca / CLJ
52%
Turkey SunExpress Izmir / ADB
52%
Bosnia and Herzegovina Wizz Air Banja Luka / BNX
48%
Italy EasyJet Catania / CTA
48%
Spain EasyJet,Enter Air Gran Canaria / LPA
48%
France EasyJet Montpellier / MPL
48%
Spain EasyJet Lanzarote / ACE
43%
Greece S EasyJet Mykonos / JMK
43%
Algeria N ASL Airlines Oran / ORN
43%
Croatia S EasyJet Zadar / ZAD
43%
France S EasyJet Ajaccio / AJA
39%
United Kingdom EasyJet Bristol / BRS
39%
Romania Wizz Air Iasi / IAS
39%
Greece S EasyJet,Enter Air Kos / KGS
39%
Morocco EasyJet Agadir / AGA
35%
France S EasyJet Bastia / BIA
35%
Tunesia S Nouvelair Djerba / DJE
35%
Spain EasyJet,Enter Air Fuerteventura / FUE
35%
Egypt Air Cairo,Corendon Airlines, EasyJet Hurghada / HRG
35%
Spain S EasyJet Menorca / MAH
35%
Serbia Wizz Air Nis / INI
35%
Italy EasyJet Brindisi / BDS
30%
Algeria Air Algérie,ASL Airlines Constantine / CZL
30%
Turkey Pegasus Airlines,Turkish Airlines Istanbul / SAW
30%
Croatia S EasyJet Pula / PUY
26%
Spain EasyJet Santiago de Compostela / SCQ
26%
France S EasyJet Biarritz / BIQ
22%
Tunesia N EasyJet Enfidha / NBE
22%
North Macedonia S Wizz Air Ohrid / OHD
22%
Bosnia and Herzegovina Wizz Air Tuzla / TZL
22%
France S EasyJet Calvi / CLY
17%
Albania S Air Albania,Wizz Air Kukës / KFZ
17%
Italy EasyJet Lamezia Terme / SUF
17%
Italy S EasyJet Olbia / OLB
17%
France S EasyJet Figari / FSC
13%
Turkey S SunExpress,Turkish Airlines Gaziantep / GZT
13%
Turkey SunExpress Kayseri / ASR
13%
Italy N EasyJet Salerno / QSR
13%
No matching quizzes found
Score Distribution
Percent of People with Each Score
Percentile by Number Answered
Your Score History
You have not taken this quiz